000
00290nam a2200133Ia 4500
100
_a
Gaur/R.K & gupta S.L
250
_a
8
942
_c
BK
654
_a
engineering
245
_a
Engineering physics
260
_b
DHANPAT RAI AND SONS
_c
2001
082
_a
530
_b
GAU/GUP
546
_a
ENGLISH
999
_c
23623
_d
23623